<?xml version="1.0" encoding="UTF-8"?>
<record
    xmlns:xsi="http://www.w3.org/2001/XMLSchema-instance"
    xsi:schemaLocation="http://www.loc.gov/MARC21/slim http://www.loc.gov/standards/marcxml/schema/MARC21slim.xsd"
    xmlns="http://www.loc.gov/MARC21/slim">

  <leader>01166nam a2200301 i 4500</leader>
  <controlfield tag="003">CO-BoRNBP</controlfield>
  <controlfield tag="005">20250130080033.0</controlfield>
  <controlfield tag="007">ta</controlfield>
  <controlfield tag="008">250130s2022    Uy a|||| |||| 00| 0 spa d</controlfield>
  <datafield tag="040" ind1=" " ind2=" ">
    <subfield code="a">CO-BoRNBP</subfield>
    <subfield code="b">spa</subfield>
    <subfield code="c">CO-BoRNBP</subfield>
    <subfield code="e">rda</subfield>
  </datafield>
  <datafield tag="041" ind1=" " ind2=" ">
    <subfield code="a">spa</subfield>
  </datafield>
  <datafield tag="084" ind1=" " ind2=" ">
    <subfield code="a">C CUE</subfield>
  </datafield>
  <datafield tag="245" ind1=" " ind2=" ">
    <subfield code="a">Equipo de mascotas:</subfield>
    <subfield code="b">&#xBF;Tienes la habilidad para ganar?/</subfield>
    <subfield code="c">Latinbooks; ilustrado por: Natasha Rimmington</subfield>
  </datafield>
  <datafield tag="250" ind1=" " ind2=" ">
    <subfield code="a">Primera edici&#xF3;n</subfield>
  </datafield>
  <datafield tag="264" ind1=" " ind2="4">
    <subfield code="a">Montevideo, Uruguay,</subfield>
    <subfield code="b">&#xA9;Latinbooks Internacional S.A.</subfield>
    <subfield code="c">2022</subfield>
  </datafield>
  <datafield tag="300" ind1=" " ind2=" ">
    <subfield code="a">10 p&#xE1;ginas, </subfield>
    <subfield code="b">ilustraciones a color, tapa carton&#xE9; troquelada. Incluye juego interactivo de pl&#xE1;stico.</subfield>
    <subfield code="c">alto 21 cm ancho 21 cm</subfield>
  </datafield>
  <datafield tag="336" ind1=" " ind2=" ">
    <subfield code="2">rdacontent</subfield>
    <subfield code="a">texto</subfield>
    <subfield code="b">txt</subfield>
  </datafield>
  <datafield tag="337" ind1=" " ind2=" ">
    <subfield code="2">rdamedia</subfield>
    <subfield code="a">sin mediaci&#xF3;n</subfield>
    <subfield code="b">n</subfield>
  </datafield>
  <datafield tag="338" ind1=" " ind2=" ">
    <subfield code="2">rdacarrier</subfield>
    <subfield code="a">volumen</subfield>
    <subfield code="b">nc</subfield>
  </datafield>
  <datafield tag="490" ind1=" " ind2=" ">
    <subfield code="a">Versus</subfield>
  </datafield>
  <datafield tag="520" ind1=" " ind2=" ">
    <subfield code="a">Los juegos del bosque ya empezaron. Ponte en acci&#xF3;n y vence al equipo de mascotas, &#xA1;para alzarte con el trofeo de campe&#xF3;n!</subfield>
  </datafield>
  <datafield tag="650" ind1=" " ind2=" ">
    <subfield code="2">LEMB</subfield>
    <subfield code="a">Literatura infantil</subfield>
    <subfield code="9">2746</subfield>
  </datafield>
  <datafield tag="650" ind1=" " ind2=" ">
    <subfield code="2">LEMB</subfield>
    <subfield code="a">Cuento infantil</subfield>
    <subfield code="9">16411</subfield>
  </datafield>
  <datafield tag="650" ind1=" " ind2=" ">
    <subfield code="2">LEMB</subfield>
    <subfield code="a">Entretenimiento</subfield>
    <subfield code="9">57499</subfield>
  </datafield>
  <datafield tag="650" ind1=" " ind2=" ">
    <subfield code="2">LEMB</subfield>
    <subfield code="a">Juego interactivo</subfield>
    <subfield code="9">57861</subfield>
  </datafield>
  <datafield tag="650" ind1=" " ind2=" ">
    <subfield code="2">LEMB</subfield>
    <subfield code="a">Mascotas</subfield>
  </datafield>
  <datafield tag="942" ind1=" " ind2=" ">
    <subfield code="2">ddc</subfield>
    <subfield code="c">BKINF</subfield>
  </datafield>
  <datafield tag="999" ind1=" " ind2=" ">
    <subfield code="c">56852</subfield>
    <subfield code="d">56852</subfield>
  </datafield>
  <datafield tag="952" ind1=" " ind2=" ">
    <subfield code="0">0</subfield>
    <subfield code="1">0</subfield>
    <subfield code="2">ddc</subfield>
    <subfield code="4">0</subfield>
    <subfield code="7">0</subfield>
    <subfield code="8">INF</subfield>
    <subfield code="a">MEGUAMAL</subfield>
    <subfield code="b">MEGUAMAL</subfield>
    <subfield code="c">SInf</subfield>
    <subfield code="d">2024-12-09</subfield>
    <subfield code="l">0</subfield>
    <subfield code="o">C CUE</subfield>
    <subfield code="p">GUA004698</subfield>
    <subfield code="r">2025-01-30 08:01:43</subfield>
    <subfield code="t">Ej.1</subfield>
    <subfield code="w">2025-01-30</subfield>
    <subfield code="y">BKINF</subfield>
  </datafield>
</record>
